00701 a2200193 4500020001000000035001300010037004300023082000600066090001500072100002600087245006600113260003900179270008800218300002300306490002600329942002100355999001500376952011600391 c75.00 aB-211055 bRP-PV-4 / PANSY-07-08:5 / RP-07-08:ENG14aN c3781d37811 aGardner, Erle Stanley1 aThe case of the Long - Legged Modelscby Erle Stanley Gardner aBangalorebMaster Mind Booksc2002 aNo. 25, Vasan Towers, Dr. TCM Royan Raode560053k080-26705679mvasanbks@bgl.net.in a184 pc18 cm (pbk) aA perry mason mystery adplcENkN / GAR c3703d3703 00102ddc407-18FICaZLSbZLSg75.00l0oN GARpB-211055r2008-09-15 00:00:00t1u3939v75.00w2008-09-15yEN